Buy-to-let is a long term investment (Record no. 73228)
[ view plain ]
| 000 -LEADER | |
|---|---|
| fixed length control field | 01309cam a2200241 4500 |
| 001 - CONTROL NUMBER | |
| control field | WB3931-19 |
| 008 - FIXED-LENGTH DATA ELEMENTS--GENERAL INFORMATION | |
| fixed length control field | 030815n2003 000 0 eng u |
| 035 ## - SYSTEM CONTROL NUMBER | |
| System control number | (Sirsi) u123282 |
| 245 ## - TITLE STATEMENT | |
| Title | Buy-to-let is a long term investment |
| 260 ## - PUBLICATION, DISTRIBUTION, ETC. | |
| Date of publication, distribution, etc. | 2003 |
| 490 ## - SERIES STATEMENT | |
| Series statement | Association of Residential Letting Agents Press Release |
| Volume/sequential designation | 21 July 2003 (3) |
| 520 ## - SUMMARY, ETC. | |
| Summary, etc. | The results of the ARLA buy-to-let survey, conducted through its website, show that more than three-quarters of all buy-to-let investors are investing for the long-term. Two-thirds plan to retain properties for more than 10 years and a fifth claim the average life expectancy of their property investment is over 20 years. More than a quarter of these investors are aged between 25 and 35, but those between 35 and 45 accounted for 37%. Further information is available from t +44 (0)1923 896555. Copies of the survey are available to download from http://www.arla.co.uk. http://www.arla.co.uk/news/210703.htm |
| 590 ## - LOCAL NOTE (RLIN) | |
| Local note | WB |
| 650 ## - SUBJECT ADDED ENTRY--TOPICAL TERM | |
| Topical term or geographic name entry element | BUY-TO-LET |
| 650 ## - SUBJECT ADDED ENTRY--TOPICAL TERM | |
| Topical term or geographic name entry element | INVESTMENT MARKET |
| 650 ## - SUBJECT ADDED ENTRY--TOPICAL TERM | |
| Topical term or geographic name entry element | PROPERTY-RESIDENTIAL PROPERTY-ACQUISITION AND DISPOSAL OF RESIDENTIAL PROPERTY |
| 650 ## - SUBJECT ADDED ENTRY--TOPICAL TERM | |
| Topical term or geographic name entry element | ARLA |
| 650 ## - SUBJECT ADDED ENTRY--TOPICAL TERM | |
| Topical term or geographic name entry element | ASSOCIATION OF RESIDENTIAL LETTING AGENTS |
| 650 ## - SUBJECT ADDED ENTRY--TOPICAL TERM | |
| Topical term or geographic name entry element | SURVEYS |
| 650 ## - SUBJECT ADDED ENTRY--TOPICAL TERM | |
| Topical term or geographic name entry element | PROPERTY INVESTMENT |
| 690 ## - LOCAL SUBJECT ADDED ENTRY--TOPICAL TERM (OCLC, RLIN) | |
| Topical term or geographic name as entry element | HOUSING |
| 942 ## - ADDED ENTRY ELEMENTS (KOHA) | |
| Suppress in OPAC | 0 |
| Withdrawn status | Lost status | Source of classification or shelving scheme | Damaged status | Not for loan | Home library | Current library | Shelving location | Date acquired | Total Checkouts | Full call number | Barcode | Date last seen | Copy number | Price effective from | Koha item type |
|---|---|---|---|---|---|---|---|---|---|---|---|---|---|---|---|
| Dewey Decimal Classification | London | London | News article | 15/08/2003 | WB3931-19 | 123282-1001 | 06/08/2019 | 1 | 06/08/2019 | News article |